| 000 | 00662nam a2200217 u 4500 | ||
|---|---|---|---|
| 005 | 20240228064256.0 | ||
| 008 | 170207s2007 mx r 000 0 spa d | ||
| 020 | _a9789681684518 | ||
| 035 | _aUPN01000215822 | ||
| 049 | _aI | ||
| 050 | 4 |
_aQH541.5 F6 _bM3.3 |
|
| 100 | 1 |
_aMartínez, Rocío, _d1966- _935791 |
|
| 245 | 1 | 0 |
_aDe cómo nació la memoria de El Bosque / _cRocío Martínez. |
| 260 |
_aMéxico : _bFCE, _c2007. |
||
| 300 |
_a25 p. : _bil. col. |
||
| 440 | 4 | _aLos especiales de A la orilla del viento | |
| 650 | 2 |
_aBosques _vLiteratura infantil _917158 |
|
| 650 | 4 |
_aLibros y lectura para niños _92290 |
|
| 905 | _aInfantil | ||
| 999 |
_c187922 _d187922 |
||